00376nam a2200109Ia 4500008004100000100002500041245003100066260006900097300001100166650002100177856006800198160712s9999 xx 000 0 und d aPascual, Chuckberry. cChuckberry PascualaSigbin c2015bLikhaan: The Journal of Contemporary Philippine Literature avol. 9 xMAIKLING KUWENTO uhttp://journals.upd.edu.ph/index.php/lik/issue/view/539/showToc